LEADER 01871nam a2200373 u 4500 001 000000047682 003 CaOOAMICUS 005 20090604123627.0 008 991223s1998 it u000 u ita u 020 $a8846500318 035 $a10838528 040 $aDAI$bita$dPUL(R) 100 1 $aMerlo, Paolo,$d1965-$0(OLS)http://pul/name/72015 245 13$aLa dea Asratum-Atiratu-Asera :$bun contributo alla storia della religione semitica del Nord /$cPaolo Merlo. 246 34$aDea Asera 260 $aRoma :$bPontificia Universitą Lateranense :$bMursia,$c1998. 300 $a285 S. ;$c21 cm 490 1 $aCorona Lateranensis.$aFacoltą di S. Teologia 502 $aTesi(dottorato)--Pontificia Universitą Lateranense, 1997. 504 $a"Bibliografia citata": S. [245]-272. 650 4$aReligione semģtica.$0(OLS)http://pul/subject/10288 830 0$aCorona Lateranensis.$pFacoltą di S. Teologia.$0(OLS)http://pul/title/64205 850 $aPUL 852 $aPUL$W1$xSL Religione 2$y84$mTheol A5b 3$j63675$nBK-PRI$b $qStampati altre collocazioni$B63675$CPULBib$Z2$F63675 $H $81 852 $aPUL$W1$xDP1 Tesi Pon Univ. Lateranense$y41$mTH PUL 764$j63676$nBK-PRI$b $qTesi$B63676$CPULBib$Z2$F63676 $HPUL78131 $81 852 $aPUL$W1$xDP1 Fondo Gelio$y54$m4 C 18$j63677$nBK-PRI$b $qFondi$B63677$CPULBib$Z2$F63677 $HPUL0187 $81 941 1 $a10 941 1 $a16 941 1 $a1 961 $aINV: 78284 996 $6020$a8846500318$9(OLS)http://pul/number/59648 996 $6245$aLa dea Asratum-Atiratu-Asera :$bun contributo alla storia della religione semitica del Nord$9(OLS)http://pul/title/64203 996 $6246$aDea Asera$9(OLS)http://pul/title/64204 996 $6260$aRoma :$bPontificia Universitą Lateranense :$bMursia$9(OLS)http://pul/publisher/62146 LEADER 01814nam a2200409 u 4500 001 000000044907 003 CaOOAMICUS 005 20070226114613.0 008 990512s1989 it u000 u ita u 020 $a8821199797 035 $a10822965 040 $aPUL(R)$bita$dPUL(R) 100 1 $aFalise, M.$0(OLS)http://pul/name/32747 245 10$aEtica ed economia I :$bil contributo delle Chiese dei paesi industrializzati /$cFalise M. [et al.] ; a cura di Roberto Papini e Antonio Pavan. 260 $aGenova :$bMarietti,$c1989. 300 $a315 p. ;$c21 cm 490 1 $aRagione e ragioni.$aIdee e dibattiti ;$v1 504 $aNota bibliografica p. [313]. 650 4$aEconomia$xStudi.$0(OLS)http://pul/subject/19077 650 4$aEtica e economia.$0(OLS)http://pul/subject/11804 700 1 $aPavan, Antonio,$d1937-$0(OLS)http://pul/name/5713 700 1 $aPapini, Roberto$b1938-$0(OLS)http://pul/name/5643 830 0$aRagione e ragioni.$pIdee e dibattiti ;$v1.$0(OLS)http://pul/title/60559 850 $aPUL 852 $aPUL$W1$xDP1 Fondo De Girolamo$y124$m1 A 40$j2650$b2.copia$qFondi$B198699$CPULBib$Z2$F198699 $81 852 $aPUL$W1$xDP1 Cons. Gen., Altre Classi 1$y22$m45 O 47$j60382$nBK-PRI$b $qStampati$B60382$CPULBib$Z2$F60382 $H $81 941 1 $a1 941 1 $a8 960 $aEconomia e morale$911804 960 $aEconomia e morale$911804 960 $aEtica economica$911804 960 $aEtica degli affari$911804 960 $aFinanza etica$911804 961 $aINV: 61415 996 $6020$a8821199797$9(OLS)http://pul/number/56021 996 $6245$aEtica ed economia I :$bil contributo delle Chiese dei paesi industrializzati$9(OLS)http://pul/title/60558 996 $6260$aGenova :$bMarietti$9(OLS)http://pul/publisher/48994